| 000 | 00402nam a22001577a 4500 | ||
|---|---|---|---|
| 999 |
_c8007 _d8005 |
||
| 005 | 20220616113932.0 | ||
| 008 | 220616b ||||| |||| 00| 0 eng d | ||
| 020 | _a97815-43345-93-3 | ||
| 041 | _aeng | ||
| 100 |
_aLODHI, DEVENDRA SINGH _97288 |
||
| 245 | _aA TEXTBOOK OF HOSPITAL AND CLINICAL PHARMACY | ||
| 260 | _bS.VIKASH AND COMPANY | ||
| 300 | _a143;p | ||
| 650 |
_aPHARMACY _97289 |
||
| 942 | _cBK | ||